Statistics for 金庸所有小说作品 All novels by Jin Yong

Click here to take the quiz!

General Stats

  • This quiz has been taken 23 times
  • The average score is 13 of 15

Answer Stats

首字作品名称字数(万)故事发生朝代说明% Correct
射雕英雄传93.04南宋成名作,长篇小说,“射雕三部曲”之第1部。
100%
鹿鹿鼎记124.82长篇小说,封笔之作。
96%
神雕侠侣101.25南宋长篇小说,“射雕三部曲”之第2部。
96%
倚天屠龙记105.33长篇小说,“射雕三部曲”之第3部。
96%
连城诀23.84中篇小说,旧版原名为《素心剑》。
91%
天龙八部132.9北宋长篇小说,可视为“射雕三部曲”之前传。
91%
笑傲江湖106.56[明]长篇小说。
91%
书剑恩仇录55.68首部、中篇小说。
91%
碧血剑42.1中篇小说。
91%
侠客行36.96[明]中篇小说。
87%
雪山飞狐13.27中篇小说。
78%
飞狐外传44.69中篇小说。
74%
鸳鸯刀3.55[清]附在《答案2》之后的短篇小说。
70%
白马啸西风8.17[清]附在《答案2》之后的短篇小说。
61%
(越)越女剑1.65春秋时期附在《答案11》之后的短篇小说。
57%

Score Distribution

Percentile by Number Answered

Percent of People with Each Score

Your Score History

You have not taken this quiz